|
|
|
|
| LEADER |
00000nab a2200000uu 4500 |
| 001 |
vtls010896320 |
| 003 |
SK-MaSNL |
| 005 |
20260303141731.0 |
| 008 |
230222|1940 xo |||||||||||||||||slo| |
| 015 |
|
|
|a SNBRB
|
| 035 |
|
|
|a (urnnbn)urn:nbn:sk:snk:ar-006kxd
|
| 035 |
|
|
|a (uuid)e7eebad9-2a10-41db-b9c9-0e2beff35e6e
|
| 035 |
|
|
|a urn:nbn:sk:snk-ab8p05
|
| 040 |
|
|
|a SNKBUCL
|b slo
|c SNKBUCL
|e AACR2
|
| 041 |
0 |
|
|a slo
|
| 044 |
|
|
|a xo
|c SK
|
| 100 |
1 |
|
|a Irmler, Ján,
|d 1913-1974
|4 aut
|9 10550
|
| 245 |
1 |
0 |
|a KURT WAIS: SÚČASNÉ PÍSOMNÍCTVO EUROPSKÝCH NÁRODOV.
|c Ján Irmler
|
| 773 |
0 |
|
|t Sborník Matice slovenskej
|g Roč. 18, č. 3-4 (1940), s. 427-429
|
| 954 |
|
|
|a odborná, vedecká literatúra pôvodná (slovenská)
|2 lita
|
| 958 |
|
|
|a OND
|
| 958 |
|
|
|a EUIPO
|
| 958 |
|
|
|a article10
|
| 999 |
|
|
|c 1978307
|d 1980237
|